| 000 | 00467pab a2200157 454500 | ||
|---|---|---|---|
| 008 | 180718b2001 xxu||||| |||| 00| 0 eng d | ||
| 100 | _aCruz, Rizalino B. | ||
| 245 | _aFORGE, Inc.: examining the organization and its capability - building needs for policy advocacy | ||
| 260 | _c2001 | ||
| 300 | _ap.293-327. | ||
| 362 | _aOct | ||
| 650 | _aNongovernmental organizations | ||
| 773 | _aPhilippine Journal of Public Administration | ||
| 908 | _aN | ||
| 909 | _a77636 | ||
| 999 |
_c77636 _d77636 |
||